Equipe NBA et leur surnom - Statistiques

Statistiques générales
  • Ce quiz a été pris 625 fois
  • Le résultat moyen est 27 sur 30
Statistiques - réponses
Equipe Réponse % Correct
Chicago Bulls
98%
Los Angeles Lakers
98%
Golden State Warriors
98%
Boston Celtics
97%
Miami Heat
97%
Brooklin Nets
95%
Milwaukee Bucks
94%
Cleveland Cavaliers
94%
San Antonio Spurs
94%
Utah Jazz
93%
Atlanta Hawks
92%
Charlotte Hornets
92%
New York Knicks
92%
Denver Nuggets
92%
Detroit Pistons
92%
Houston Rockets
92%
Phoenix Suns
92%
Los Angeles Clippers
91%
Dallas Mavericks
91%
Indiana Pacers
91%
Memphis Grizzlies
89%
New Orleans Pelicans
89%
Toronto Raptors
89%
Sacramento Kings
88%
Oklahoma Thunder
88%
Minnesota Timberwolves
84%
Washington Wizards
83%
Portland Trail Blazers
74%
Philadelphie Sixers
73%
Orlando Magics
72%
Aucun quiz correspondant
Distribution des résultats
% des personnes avec chaque résultat
Percentile par nombre de réponses
Votre historique - résultats
Vous n’avez pas pris ce quiz